El vocabulario como agente de aprendizaje

Gardado en:
Detalles Bibliográficos
Autor Principal: Pastora Herrero, José Francisco (autor)
Formato: Libro
Idioma:Lingua castelá
Publicado: Madrid La Muralla 1990
Series:Colección Aula Abierta
Subjects:
Tags: Engadir etiqueta
Sen Etiquetas, Sexa o primeiro en etiquetar este rexistro!

MARC

LEADER 00000nam a2200000 a 4500
001 UCP1753
003 CL-VaPUC
008 990426e19900000SP |||||||||||||||||spa|d
082 0 4 |a 371.1  |b PAS  |2 21 
100 |a Pastora Herrero, José Francisco  |e autor  |9 427958 
245 1 3 |a El vocabulario como agente de aprendizaje 
300 |a 223 p 
942 |c BK 
945 |d 19990426 00:00:00  |a rbrito 
260 |a Madrid  |b La Muralla  |c 1990 
650 0 |a Métodos de enseñanza  |9 270413 
650 0 |a Aprendizaje   |9 254827 
650 0 |a Psicología del aprendizaje  |9 306854 
650 0 |a Lingüística  |9 265068 
650 0 |a Adquisición del lenguaje   |9 309032 
583 |a last modification  |c 19990426 00:00:00  |k Rodrigo Vera 
490 0 |a Colección Aula Abierta 
999 |c 280395  |d 280393 
952 |0 0  |1 0  |4 0  |6 371_100000000000000_PAS_1990  |7 0  |8 A  |9 320675  |a BIBEDU  |b BIBEDU  |d 2019-11-20  |i 3494861  |o 371.1 PAS 1990  |p 3494861  |r 2019-11-20  |w 2019-11-20  |y BK  |k BME 
952 |0 0  |1 0  |4 0  |6 371_100000000000000_PAS_1990  |7 0  |8 A  |9 320676  |a BIBEDU  |b BIBEDU  |d 2019-11-20  |i 3667979  |o 371.1 PAS 1990  |p 3667979  |r 2019-11-20  |w 2019-11-20  |y BK  |k EPE